000 00447nam a22001697a 4500
999 _c11634
_d11634
003 OSt
008 221231b ||||| |||| 00| 0 eng d
020 _a9788120345652
082 _a658.32 GOP
100 _aGOEL,Dewakar
245 _aPerformance Appraisal and Compensation Management
250 _aEd.2nd
260 _aNew Delhi
_bPHI
_c2016
300 _a400
650 _aPerformance Appraisal and Compensation Management
942 _2ddc
_cREF